LEADER 00926nas a2200229 i 4500 001 000000152747 003 CaOOAMICUS 005 20070108000000.0 008 060830b2006 xxuuu u0 0eng r 013 $a130088 040 $aSeMil$bita 245 10$a[2006 :$bNo. 3-4]. 260 $aWashington :$bThe Catholic Biblical Association of America,$ccopyr. 2006. 300 $aP. [395]-834 ;$c23 cm. 773 0 $tCatholic Biblical Quarterly.$dWashington : The Catholic Biblical Association of America $x0008-7912$w()2089 774 0 $t[SENZA TITOLO].$w()264853 774 0 $t[SENZA TITOLO].$w()265505 850 $aSeMil 852 $aSeMil$W1$xVenegono$y1$m220 3 29$j104693$B104693$CSeMilBibl$Z2$F118586 $85 961 $aCambio: Scuola Cattolica 996 $6245$a[2006 :$bNo. 3-4]$9(OLS)http://semarc/title/223341 996 $6260$aWashington :$bThe Catholic Biblical Association of America$9(OLS)http://semarc/publisher/30547 LEADER 02188nam a2200313 i 4500 001 000000337123 003 CaOOAMICUS 005 20191014150846.0 008 191014s2017 gw u000 u eng u 013 $a19849 020 $a978-3-16-155134-5 040 $aSeMil$bita 100 1 $aRothschild, Clare K.,$d<1964- >.$0(OLS)http://semarc/name/66950 245 10$aNew essays on the apostolic fathers / $cClare K. Rothschild. 264 1$aTübingen :$bMohr Siebeck,$c2017. 300 $aXVI, 304 p. ;$c24 cm. 490 0 $aWissenschaftliche Untersuchungen zum Neuen Testament ;$v375 504 $aBibliography, p. [245]-265 520 $aThis volume comprises 15 new essays on the Apostolic Fathers with a focus on 1 and 2 Clement. An introductory essay investigates the role of XVII century librarians in the origination of the collection's title. Five essays concern 1 Clement, exploring its relationship to 1 Corinthians, its generic classification, the discussion of "Christian education" (1 Clem. 21:8), the golden calf tradition, and the well-known legend of the regeneration of the phoenix. Three essays treat 2 Clement, including problems with recent translations of chapter 1, the motif of the barren woman in chapter 2, and the analogy of faith as a race in chapter 7. The volume ranges widely within and beyond early Christian literature-from the streets of ancient Achaean and Asian the early modern libraries of Europe. 650 4$aBibbia - Apocrifi NT - Lettere ai Corinzi.$0(OLS)http://semarc/subject/43290 650 4$aBibbia - Apocrifi NT - Lettera di Barnaba.$0(OLS)http://semarc/subject/29795 650 4$aPadri Apostolici.$0(OLS)http://semarc/subject/1669 830 0$aWissenschaftliche Untersuchungen zum Neuen Testament ;$v375.$0(OLS)http://semarc/title/12092 850 $aSeMil 852 $aSeMil$W1$xVenegono$y1$m2XA C 375$j230014$B228892$CSeMilBibl$Z2$F228892 $81 996 $6020$a978-3-16-155134-5$9(OLS)http://semarc/number/288840 996 $6245$aNew essays on the apostolic fathers / $9(OLS)http://semarc/title/426161 996 $6264$aTübingen :$bMohr Siebeck$9(OLS)http://semarc/publisher/30329